000 00628nam a2200217Ia 4500
003 OSt
005 20250821112105.0
008 220923b |||||||| |||| 00| 0 eng d
037 _cReference
040 _aRTL
_cRTL
_beng
041 _2eng
_aeng
084 _aB7:3 K4/SC
_qRTL
100 _aDoelzal, Vaclov
_9256879
245 0 _aDynamic of linear system
260 _aCzechos-
_bLovak Prague
_c1964
300 _a224 p.
_bIncludes bibliographical reference and index
650 _aLinear system
_9732732
650 _aMathematics
942 _hB7:3 K4/SC
_cREF
_2CC
_n0
999 _c502698
_d502698